[Event "KONIK MORSKI REWALA 2013<br>Miedzynarodo"]
[Site "<font size="]
[Date "2013.08.20"]
[Round "1.26"]
[White "Knap, Jerzy"]
[Black "Gosciniak, Maria"]
[Result "0-1"]
[WhiteElo "1732"]
[BlackElo "2098"]
[PlyCount "118"]
[EventDate "2013.??.??"]

1. d4 e6 2. c4 Bb4+ 3. Bd2 Qe7 4. Nc3 f5 5. Nf3 Nf6 6. e3 O-O 7. a3 Bxc3 8.
Bxc3 d6 9. Be2 b6 10. O-O Bb7 11. Rc1 Ne4 12. Qc2 Nd7 13. b4 Nxc3 14. Qxc3 e5
15. d5 Rae8 16. Rfd1 Bc8 17. Qc2 e4 18. Nd4 Ne5 19. Nc6 Nxc6 20. dxc6 f4 21.
exf4 Rxf4 22. f3 Qg5 23. fxe4 Bh3 24. Bf1 Rfxe4 25. Qd3 Bf5 26. Qd2 Qh4 27. Qf2
Qg4 28. Re1 Rf8 29. Be2 Qg5 30. Bf3 Rf4 31. Qg3 Qh6 32. Rc3 Kh8 33. Bd5 Bg4 34.
Bf3 Qf6 35. Rce3 h6 36. h3 Bxf3 37. Rxf3 Qd4+ 38. Qf2 Qxc4 39. Rxf4 Rxf4 40.
Qe3 Kh7 41. Qe8 Qc2 42. Re2 Qc1+ 43. Re1 Qxa3 44. Qd7 Qxb4 45. Re7 Qd4+ 46. Kh2
Rf1 47. Qg4 Qxg4 48. hxg4 Rc1 49. Rxc7 a5 50. Rc8 a4 51. c7 b5 52. Rb8 Rxc7 53.
Rxb5 Ra7 54. Rb2 a3 55. Ra2 Kg6 56. Kg3 Ra4 57. Kf3 Kg5 58. g3 d5 59. Ke3 Kxg4
0-1

[Event "KONIK MORSKI REWALA 2013<br>Miedzynarodo"]
[Site "<font size="]
[Date "2013.08.21"]
[Round "2.1"]
[White "Musialkiewicz, Pawel"]
[Black "Malaniuk, Vladimir P"]
[Result "0-1"]
[WhiteElo "2191"]
[BlackElo "2528"]
[PlyCount "82"]
[EventDate "2013.??.??"]

1. d4 d6 2. c4 e5 3. dxe5 dxe5 4. Qxd8+ Kxd8 5. Nc3 Be6 6. b3 Nd7 7. Nf3 f6 8.
Rg1 h5 9. h3 h4 10. Bb2 c6 11. O-O-O Kc7 12. e3 a5 13. Nd2 Nh6 14. Be2 Nf7 15.
Rgf1 Nc5 16. a3 Bf5 17. e4 Bg6 18. b4 axb4 19. axb4 Na6 20. b5 Nc5 21. bxc6
bxc6 22. Kc2 Ng5 23. Bf3 Nxf3 24. gxf3 Ne6 25. Ne2 Bh5 26. Ra1 Bc5 27. Ng1 Rxa1
28. Bxa1 Ra8 29. Nb3 Ra2+ 30. Bb2 Bd4 31. Nxd4 exd4 32. f4 c5 33. f5 Nf4 34. f3
Nd3 35. Rb1 Ne5 36. Kb3 Ra8 37. Ba3 Rb8+ 38. Ka2 Rxb1 39. Kxb1 Kc6 40. f4 Nxc4
41. Bc1 d3 0-1

[Event "KONIK MORSKI REWALA 2013<br>Miedzynarodo"]
[Site "<font size="]
[Date "2013.08.21"]
[Round "2.2"]
[White "Stachowiak, Kamil"]
[Black "Jacek, Krystian"]
[Result "1-0"]
[WhiteElo "2470"]
[BlackElo "2166"]
[PlyCount "45"]
[EventDate "2013.??.??"]

1. d4 Nf6 2. Nf3 g6 3. g3 Bg7 4. Bg2 O-O 5. O-O d6 6. c4 c5 7. Nc3 Na6 8. h3
Nc7 9. dxc5 dxc5 10. Be3 Ne6 11. Qxd8 Rxd8 12. Rfd1 Rxd1+ 13. Rxd1 Nd7 14. Nd5
Kf8 15. Ng5 Nxg5 16. Bxg5 e6 17. Be7+ Kg8 18. Nc7 Rb8 19. Nb5 Bf8 20. Bxf8 Kxf8
21. Nxa7 Ke7 22. Nxc8+ Rxc8 23. Bxb7 1-0

[Event "KONIK MORSKI REWALA 2013<br>Miedzynarodo"]
[Site "<font size="]
[Date "2013.08.21"]
[Round "2.3"]
[White "Reza, Wojciech"]
[Black "Sieciechowicz, Marcin"]
[Result "1/2-1/2"]
[WhiteElo "2135"]
[BlackElo "2458"]
[PlyCount "54"]
[EventDate "2013.??.??"]

1. c4 Nf6 2. Nc3 d5 3. cxd5 Nxd5 4. Nf3 g6 5. Qa4+ c6 6. e4 Nxc3 7. dxc3 Bg7 8.
Bg5 O-O 9. Rd1 Qc7 10. Be2 e5 11. O-O Be6 12. Rd2 Nd7 13. Be3 Nb6 14. Qa5 Nd5
15. Qxc7 Nxc7 16. b4 Nb5 17. Rc1 a5 18. Ng5 axb4 19. Bxb5 bxc3 20. Rxc3 cxb5
21. Nxe6 fxe6 22. Rb3 Ra5 23. Rdb2 Rfa8 24. Rxb5 Rxb5 25. Rxb5 Rxa2 26. f3 Ra3
27. Kf2 Ra2+ 1/2-1/2

[Event "KONIK MORSKI REWALA 2013<br>Miedzynarodo"]
[Site "<font size="]
[Date "2013.08.21"]
[Round "2.4"]
[White "Strzemiecki, Zbigniew"]
[Black "Gosciniak, Maria"]
[Result "1/2-1/2"]
[WhiteElo "2437"]
[BlackElo "2098"]
[PlyCount "86"]
[EventDate "2013.??.??"]

1. e4 e5 2. Nf3 Nc6 3. Bb5 a6 4. Bxc6 dxc6 5. O-O f6 6. d4 exd4 7. Nxd4 c5 8.
Ne2 Qxd1 9. Rxd1 Bd7 10. Bf4 O-O-O 11. Nbc3 Ne7 12. Bg3 g5 13. f4 Bg7 14. Rd2
Bc6 15. Rad1 Rxd2 16. Rxd2 Rd8 17. Rxd8+ Kxd8 18. Kf2 h6 19. f5 b6 20. Ke3 Bf8
21. b3 Nc8 22. h3 Bd6 23. Nd1 Be8 24. Nf2 Ke7 25. Nd3 Bxg3 26. Nxg3 Nd6 27. c4
h5 28. h4 gxh4 29. Nf1 b5 30. Nxc5 bxc4 31. Nd2 cxb3 32. axb3 Bb5 33. Nf3 Nf7
34. Nxh4 Nd8 35. Ng6+ Kd6 36. Nd3 Bxd3 37. Kxd3 Nb7 38. Kd4 c5+ 39. Kc3 Na5 40.
Nf4 Ke5 41. Nxh5 Kxe4 42. Nxf6+ Kxf5 43. Nd5 Kg4 1/2-1/2

[Event "KONIK MORSKI REWALA 2013<br>Miedzynarodo"]
[Site "<font size="]
[Date "2013.08.21"]
[Round "2.5"]
[White "Weichhold, Pawel"]
[Black "Smolka, Marcin"]
[Result "1-0"]
[WhiteElo "2420"]
[BlackElo "2040"]
[PlyCount "110"]
[EventDate "2013.??.??"]

1. e4 e5 2. Nf3 Nc6 3. Bb5 a6 4. Ba4 Nf6 5. O-O Nxe4 6. d4 b5 7. Bb3 d5 8. dxe5
Be6 9. Nbd2 Nc5 10. c3 g6 11. Qe2 Bg7 12. Nd4 Nxe5 13. f4 Ned3 14. f5 Nxc1 15.
Raxc1 Bxd4+ 16. cxd4 Nxb3 17. Nxb3 gxf5 18. Qe5 Rg8 19. Rxf5 Qh4 20. Rxc7 Rxg2+
21. Kxg2 Qg4+ 22. Kh1 Qd1+ 23. Kg2 Qg4+ 24. Qg3 Bxf5 25. Qxg4 Bxg4 26. Kg3 Rc8
27. Ra7 Be6 28. Nc5 Rc6 29. Rxa6 Rxa6 30. Nxa6 Kd8 31. Kh4 f6 32. Nb4 Kd7 33.
Kh5 Kd6 34. Kh6 Bf5 35. b3 Be4 36. Kh5 Kc7 37. Kg4 Kb6 38. Kf4 Ka5 39. a3 Kb6
40. h4 Kb7 41. Na2 Bc2 42. Nc3 Kc6 43. a4 b4 44. Na2 Bxb3 45. Nxb4+ Kb6 46. Kf5
Ka5 47. Nc6+ Kxa4 48. Kxf6 Kb5 49. Ne7 Kb6 50. Ke5 Kc7 51. Nxd5+ Bxd5 52. Kxd5
Kd7 53. h5 h6 54. Ke5 Ke7 55. Kf5 Kd6 1-0

[Event "KONIK MORSKI REWALA 2013<br>Miedzynarodo"]
[Site "<font size="]
[Date "2013.08.21"]
[Round "2.6"]
[White "Ziaziulkina, Nastassia"]
[Black "Kucza, Karol"]
[Result "1-0"]
[WhiteElo "2340"]
[BlackElo "1989"]
[PlyCount "85"]
[EventDate "2013.??.??"]

1. e4 e5 2. Nf3 Nc6 3. Bb5 a6 4. Ba4 Nf6 5. O-O Nxe4 6. d4 b5 7. Bb3 d5 8. dxe5
Be6 9. Be3 Bc5 10. Qe2 Bxe3 11. Qxe3 Ne7 12. Nbd2 Nf5 13. Qe2 Nxd2 14. Qxd2 O-O
15. c3 c6 16. Nd4 Ne7 17. Bc2 c5 18. Nb3 Rc8 19. f4 Qd7 20. Qf2 d4 21. Rfd1
Rfd8 22. cxd4 Bxb3 23. Bxb3 cxd4 24. e6 Qd6 25. exf7+ Kf8 26. Rd3 Rc5 27. Rad1
Nc6 28. Re1 Qf6 29. Qe2 Ne7 30. Qe4 g6 31. Rh3 h5 32. Rd3 a5 33. Rd2 a4 34. Be6
Rc6 35. a3 Rcd6 36. Rd3 Rc6 37. Kh1 Rcd6 38. Ba2 Nf5 39. Qe8+ Kg7 40. Qxb5 Rb6
41. Qe5 Qxe5 42. Rxe5 Rxb2 43. Re8 1-0

[Event "KONIK MORSKI REWALA 2013<br>Miedzynarodo"]
[Site "<font size="]
[Date "2013.08.21"]
[Round "2.7"]
[White "Wozniak, Mariola"]
[Black "Marusenko, Petr"]
[Result "0-1"]
[WhiteElo "2028"]
[BlackElo "2192"]
[PlyCount "132"]
[EventDate "2013.??.??"]

1. e4 c6 2. d4 d5 3. Nc3 dxe4 4. Nxe4 Nf6 5. Nxf6+ gxf6 6. c3 Qd5 7. Qf3 Bf5 8.
Qxd5 cxd5 9. Be2 Rg8 10. Bf3 e6 11. h3 Nc6 12. Ne2 Bd6 13. Bd2 Kd7 14. O-O-O b5
15. Bf4 Be7 16. Ng3 Bg6 17. h4 h6 18. Bxh6 Rgc8 19. Kd2 b4 20. Be2 Na5 21. Bf4
Nc4+ 22. Bxc4 Rxc4 23. h5 Bh7 24. Ne2 bxc3+ 25. bxc3 Ra4 26. Nc1 e5 27. Be3 Rc8
28. Rh3 Ra3 29. Ke1 Raxc3 30. Ne2 Ra3 31. dxe5 fxe5 32. Rxd5+ Ke6 33. Rd1 Rxa2
34. Nc1 Ra4 35. Nd3 Rg4 36. Bxa7 Rxg2 37. Re3 Rg1+ 38. Ke2 Rc2+ 39. Rd2 Bxd3+
40. Rexd3 Rxd2+ 41. Kxd2 Rh1 42. Be3 Rxh5 43. Ke2 f5 44. Rb3 f4 45. Rb6+ Kf5
46. Bd2 Rh2 47. Rb5 Ke4 48. Rb3 Bc5 49. Be1 Bd4 50. Ra3 Kf5 51. Rd3 Kg4 52. Ra3
e4 53. Ra4 Bxf2 54. Rxe4 Bg3+ 55. Kd3 Bxe1 56. Rxe1 Kf3 57. Rg1 Kf2 58. Rg8 f3
59. Rg7 Rh8 60. Kd2 Rd8+ 61. Kc2 Kf1 62. Kc3 f2 63. Rg6 Rd5 64. Kc4 Rd2 65. Kc3
Ke1 66. Re6+ Re2 0-1

[Event "KONIK MORSKI REWALA 2013<br>Miedzynarodo"]
[Site "<font size="]
[Date "2013.08.21"]
[Round "2.8"]
[White "Nowak, Lukasz"]
[Black "Voloshin, Leonid"]
[Result "0-1"]
[WhiteElo "1994"]
[BlackElo "2420"]
[PlyCount "104"]
[EventDate "2013.??.??"]

1. e4 c5 2. Nf3 e6 3. d4 cxd4 4. Nxd4 a6 5. Nc3 b5 6. Bd3 Qc7 7. O-O Nf6 8. Re1
d6 9. a4 b4 10. Na2 e5 11. Nf3 Nc6 12. Bd2 Rb8 13. c3 bxc3 14. Bxc3 Be7 15. b4
O-O 16. Qe2 Qb7 17. Rab1 Nd8 18. Nd2 Ne6 19. g3 Qa7 20. Nb3 Bd7 21. h4 Bxa4 22.
Bxa6 Nxe4 23. b5 Nxc3 24. Nxc3 Bxb3 25. Rxb3 Nd4 26. Qe3 Qa8 27. Reb1 Nxb3 28.
Rxb3 Bd8 29. Qd3 Bb6 30. Nd5 Qa7 31. Qf5 Bd4 32. Rf3 Qc5 33. Ne7+ Kh8 34. Nc6
Rbe8 35. Nxd4 Qxd4 36. Bb7 e4 37. Rf4 Qd1+ 38. Kg2 e3 39. Be4 Rxe4 40. Rxe4
exf2 41. Qxf2 Qd5 42. Qf3 Qxb5 43. Re2 Qd7 44. Rd2 Kg8 45. Qd5 Rd8 46. Re2 h6
47. Ra2 Qe6 48. Qxe6 fxe6 49. Kf3 Kf7 50. Ke4 Rd7 51. g4 Rb7 52. Ra4 g5 0-1

[Event "KONIK MORSKI REWALA 2013<br>Miedzynarodo"]
[Site "<font size="]
[Date "2013.08.21"]
[Round "2.10"]
[White "Czyz, Artur"]
[Black "Skawinski, Arkadiusz"]
[Result "0-1"]
[WhiteElo "2042"]
[BlackElo "2284"]
[PlyCount "84"]
[EventDate "2013.??.??"]

1. e4 e6 2. d3 d5 3. Nd2 Nf6 4. Ngf3 Bc5 5. e5 Nfd7 6. g3 O-O 7. Bh3 Nc6 8. Qe2
Bd4 9. O-O Bxe5 10. Nxe5 Ndxe5 11. b4 Qf6 12. c3 Ng6 13. Nf3 Qxc3 14. Bb2 Qxb4
15. Ng5 h6 16. Nf3 e5 17. Bxc8 Raxc8 18. a4 Qg4 19. Qe3 d4 20. Qe4 Qxe4 21.
dxe4 Nb4 22. a5 c5 23. Ra4 Rfd8 24. Rb1 Nd3 25. Nd2 b5 26. axb6 axb6 27. Ba3
Rb8 28. Rb5 Ra8 29. Rxa8 Rxa8 30. Rb3 b5 31. Rxd3 c4 32. Rf3 c3 33. Bb4 Ra1+
34. Kg2 c2 35. Nb3 Rb1 36. Bd2 f5 37. Nc1 fxe4 38. Rb3 Ne7 39. Ra3 Nd5 40. Ra8+
Kh7 41. Na2 e3 42. fxe3 dxe3 0-1

[Event "KONIK MORSKI REWALA 2013<br>Miedzynarodo"]
[Site "<font size="]
[Date "2013.08.21"]
[Round "2.11"]
[White "Smal, Tobiasz"]
[Black "Musialkiewicz, Jan"]
[Result "0-1"]
[WhiteElo "1928"]
[BlackElo "2266"]
[PlyCount "104"]
[EventDate "2013.??.??"]

1. d4 c5 2. e4 cxd4 3. Nf3 e6 4. Nxd4 Nf6 5. Nc3 d6 6. Bc4 a6 7. Bb3 b5 8. Qf3
Qb6 9. Be3 Qb7 10. a3 Be7 11. O-O O-O 12. Bg5 Nbd7 13. Qg3 Nc5 14. f3 Qb6 15.
Qf2 Nfxe4 16. Nxe4 Nxe4 17. fxe4 Bxg5 18. c3 Bf6 19. Rad1 Bb7 20. Bc2 Rac8 21.
Nf3 Qxf2+ 22. Kxf2 Rfd8 23. Ke3 Kf8 24. g4 h6 25. h4 g6 26. g5 hxg5 27. hxg5
Bg7 28. Kf4 Ke7 29. Rfe1 Rh8 30. Rh1 Rxh1 31. Rxh1 Rh8 32. Rxh8 Bxh8 33. a4 b4
34. cxb4 Bxb2 35. Bd3 Bc1+ 36. Kg4 Be3 37. Ne1 e5 38. Nc2 Bc8+ 39. Kf3 Bxg5 40.
b5 axb5 41. Bxb5 f5 42. Nb4 Kd8 43. a5 Bd2 44. Nc6+ Kc7 45. Ke2 Bd7 46. Ne7
Bxa5 47. Bxd7 Kxd7 48. Nxg6 Ke6 49. Kf3 Bd8 50. Nf8+ Kf7 51. Nd7 Bc7 52. exf5
Ke7 0-1

[Event "KONIK MORSKI REWALA 2013<br>Miedzynarodo"]
[Site "<font size="]
[Date "2013.08.21"]
[Round "2.12"]
[White "Polok, Kacper"]
[Black "Kasperek, Joanna"]
[Result "1-0"]
[WhiteElo "2213"]
[BlackElo "2013"]
[PlyCount "85"]
[EventDate "2013.??.??"]

1. e4 c5 2. Ne2 Nc6 3. Nbc3 g6 4. g3 Bg7 5. Bg2 d6 6. O-O e6 7. d3 a6 8. a4 Bd7
9. Be3 Nd4 10. f4 Ne7 11. h3 Rb8 12. g4 f5 13. Ng3 O-O 14. Nce2 Nxe2+ 15. Qxe2
Kh8 16. c3 b5 17. axb5 axb5 18. Rae1 Re8 19. Qf2 c4 20. Ba7 cxd3 21. exf5 exf5
22. Bxb8 Qxb8 23. gxf5 Nxf5 24. Nxf5 Bxf5 25. Rxe8+ Qxe8 26. Re1 Qd7 27. Qe3
Bf6 28. Bf1 b4 29. Bxd3 Bxh3 30. Qe8+ Qxe8 31. Rxe8+ Kg7 32. cxb4 Bxb2 33. b5
Kf6 34. b6 Bd4+ 35. Kh2 Bd7 36. Rf8+ Ke7 37. b7 Ba7 38. Ra8 Bc6 39. Rxa7 Bxb7
40. Be4 Kf6 41. Rxb7 d5 42. Rb6+ Ke7 43. Bxd5 1-0

[Event "KONIK MORSKI REWALA 2013<br>Miedzynarodo"]
[Site "<font size="]
[Date "2013.08.21"]
[Round "2.13"]
[White "Lach, Aleksandra"]
[Black "Karwowski, Kacper"]
[Result "1-0"]
[WhiteElo "2161"]
[BlackElo "1904"]
[PlyCount "41"]
[EventDate "2013.??.??"]

1. e4 c5 2. Nf3 d6 3. d4 cxd4 4. Nxd4 Nf6 5. Nc3 a6 6. Bg5 e6 7. f4 Qb6 8. a3
Nc6 9. Nxc6 bxc6 10. Be2 Be7 11. Qd3 d5 12. e5 Ng8 13. b4 a5 14. b5 Bd7 15. Rb1
h6 16. Bxe7 Nxe7 17. Na4 Qb8 18. b6 Bc8 19. b7 Bxb7 20. Qb3 Ra7 21. Nc5 1-0

[Event "KONIK MORSKI REWALA 2013<br>Miedzynarodo"]
[Site "<font size="]
[Date "2013.08.21"]
[Round "2.14"]
[White "Kamieniecki, Tomasz"]
[Black "Smola, Michal"]
[Result "0-1"]
[WhiteElo "1974"]
[BlackElo "2160"]
[PlyCount "94"]
[EventDate "2013.??.??"]

1. d4 b6 2. c4 Bb7 3. Nc3 e6 4. e4 c5 5. d5 d6 6. Bd3 Nf6 7. f4 exd5 8. cxd5
Be7 9. Nf3 O-O 10. O-O a6 11. a4 Qc7 12. b3 Nbd7 13. Qc2 Rfe8 14. Bb2 Nf8 15.
Rae1 Ng6 16. Nd2 Nd7 17. Nc4 Bf6 18. Kh1 Rab8 19. Ne3 Bc8 20. Qe2 Ra8 21. Ng4
Bd4 22. Qc2 Qd8 23. Ne2 Bxb2 24. Qxb2 h5 25. Ne3 Nf6 26. Nc3 Ng4 27. Ncd1 Rb8
28. Nxg4 hxg4 29. Ne3 b5 30. axb5 axb5 31. Qe2 Qh4 32. g3 Qh5 33. f5 Ne5 34.
Rf4 g5 35. Nxg4 Kf8 36. Nxe5 Qxe2 37. Rxe2 gxf4 38. Nc6 f3 39. Rf2 Rb6 40. Rxf3
Bd7 41. g4 c4 42. bxc4 bxc4 43. Bxc4 Rxe4 44. Bd3 Rxg4 45. f6 Rxc6 46. dxc6
Bxc6 47. Be2 Re4 0-1

[Event "KONIK MORSKI REWALA 2013<br>Miedzynarodo"]
[Site "<font size="]
[Date "2013.08.21"]
[Round "2.15"]
[White "Kaczmarek, Aleksander"]
[Black "Gabryjalowicz, Jakub"]
[Result "1-0"]
[WhiteElo "2147"]
[BlackElo "1781"]
[PlyCount "41"]
[EventDate "2013.??.??"]

1. e4 c5 2. Nf3 Nc6 3. d4 cxd4 4. Nxd4 Nf6 5. Nc3 e5 6. Ndb5 d6 7. Nd5 Nxd5 8.
exd5 Nb8 9. c4 Be7 10. Bd3 a6 11. Nc3 O-O 12. O-O f5 13. f3 Bg5 14. Kh1 Bxc1
15. Rxc1 Qh4 16. Qe1 Qh5 17. c5 Rf6 18. cxd6 f4 19. Ne4 Rh6 20. Rxc8+ Kf7 21.
h3 1-0

[Event "KONIK MORSKI REWALA 2013<br>Miedzynarodo"]
[Site "<font size="]
[Date "2013.08.21"]
[Round "2.16"]
[White "Wacior, Maciej"]
[Black "Brzezinski, Mateusz"]
[Result "1/2-1/2"]
[WhiteElo "1797"]
[BlackElo "2137"]
[PlyCount "75"]
[EventDate "2013.??.??"]

1. d4 Nf6 2. Nf3 g6 3. Bf4 Bg7 4. e3 O-O 5. Be2 c5 6. c3 b6 7. O-O Bb7 8. h3 d6
9. Nbd2 Nbd7 10. Rc1 Qc7 11. Nc4 Rfd8 12. Qb3 Ne4 13. Ng5 Nxg5 14. Bxg5 Nf6 15.
Nd2 Rac8 16. Bf4 e5 17. Bg3 cxd4 18. cxd4 Qxc1 19. Rxc1 Rxc1+ 20. Kh2 exd4 21.
exd4 Re8 22. Bf3 Bxf3 23. Nxf3 Ne4 24. Qb5 Rec8 25. Qd5 Nxg3 26. Kxg3 Bf8 27.
Ng5 R1c7 28. Ne4 Rd8 29. h4 Be7 30. h5 Kg7 31. Ng5 Bxg5 32. Qxg5 f6 33. h6+ Kf7
34. Qd5+ Ke7 35. Qe4+ Kf7 36. Qd5+ Ke7 37. Qe4+ Kd7 38. Qd5 1/2-1/2

[Event "KONIK MORSKI REWALA 2013<br>Miedzynarodo"]
[Site "<font size="]
[Date "2013.08.21"]
[Round "2.17"]
[White "Marczuk, Anna"]
[Black "Janus, Przemyslaw"]
[Result "1/2-1/2"]
[WhiteElo "1780"]
[BlackElo "2121"]
[PlyCount "40"]
[EventDate "2013.??.??"]

1. e4 c5 2. Nf3 d6 3. d4 cxd4 4. Nxd4 Nf6 5. Nc3 g6 6. Be3 Bg7 7. f3 Nc6 8. Qd2
O-O 9. O-O-O Nxd4 10. Bxd4 Be6 11. Kb1 Qc7 12. h4 Rfc8 13. h5 Qa5 14. hxg6 hxg6
15. a3 Rab8 16. Bd3 a6 17. g4 b5 18. Qg5 Qc7 19. e5 dxe5 20. Bxe5 Qc5 1/2-1/2

[Event "KONIK MORSKI REWALA 2013<br>Miedzynarodo"]
[Site "<font size="]
[Date "2013.08.21"]
[Round "2.18"]
[White "Pietocha, Pawel"]
[Black "Gawiec, Konrad"]
[Result "1/2-1/2"]
[WhiteElo "2118"]
[BlackElo "1947"]
[PlyCount "36"]
[EventDate "2013.??.??"]

1. e4 c5 2. c3 Nf6 3. e5 Nd5 4. d4 cxd4 5. Nf3 Nc6 6. Bc4 Nb6 7. Bb3 d5 8. exd6
Qxd6 9. cxd4 Bg4 10. Bxf7+ Kxf7 11. Ng5+ Kg8 12. Qxg4 Nxd4 13. O-O h5 14. Qh3
e5 15. Nc3 Qd7 16. Qd3 Be7 17. Re1 Rf8 18. Qe4 Qf5 1/2-1/2

[Event "KONIK MORSKI REWALA 2013<br>Miedzynarodo"]
[Site "<font size="]
[Date "2013.08.21"]
[Round "2.19"]
[White "Wisniewski, Michal"]
[Black "Guzik, Jolanta"]
[Result "1-0"]
[WhiteElo "1876"]
[BlackElo "2100"]
[PlyCount "35"]
[EventDate "2013.??.??"]

1. e4 e5 2. d4 exd4 3. Nf3 Nc6 4. Bc4 Nf6 5. O-O Bc5 6. e5 d5 7. exf6 dxc4 8.
Re1+ Be6 9. Ng5 Qd5 10. Nc3 Qf5 11. g4 Qg6 12. Nce4 Bb6 13. f4 O-O-O 14. f5
Bxf5 15. gxf5 Qxf5 16. Rf1 d3+ 17. Kh1 dxc2 18. Qxd8+ 1-0

[Event "KONIK MORSKI REWALA 2013<br>Miedzynarodo"]
[Site "<font size="]
[Date "2013.08.21"]
[Round "2.20"]
[White "Puczylowski, Marcin"]
[Black "Rudolf, Michal"]
[Result "0-1"]
[WhiteElo "2033"]
[BlackElo "2367"]
[PlyCount "114"]
[EventDate "2013.??.??"]

1. d4 Nf6 2. Bg5 e6 3. e3 h6 4. Bh4 c5 5. c3 Be7 6. Nf3 cxd4 7. exd4 O-O 8. Bd3
b6 9. Qe2 Bb7 10. Bxf6 Bxf6 11. Nbd2 Qc8 12. Bb1 Be7 13. O-O d6 14. Re1 Nd7 15.
Ne4 Nf6 16. Nxf6+ Bxf6 17. h4 Re8 18. Be4 Bxe4 19. Qxe4 Qc4 20. g3 Rac8 21. Qe2
Qa4 22. Qd1 Qa5 23. a4 Qd5 24. Re3 Qb7 25. Qd3 a6 26. Nd2 Be7 27. f4 Bf8 28.
Rae1 b5 29. axb5 axb5 30. Kh2 Qd5 31. b3 Red8 32. c4 bxc4 33. bxc4 Qa5 34. R1e2
Rb8 35. d5 exd5 36. Qxd5 Qa1 37. Nb3 Qa4 38. Nd4 Rdc8 39. Nf5 Rc5 40. Qd3 Rxc4
41. Kh3 Rc5 42. Ne7+ Bxe7 43. Rxe7 Qc6 44. Qe4 Qxe4 45. R2xe4 h5 46. Rd4 Rc2
47. Re1 Rbb2 48. Rh1 Rd2 49. Rxd2 Rxd2 50. f5 Kf8 51. Re1 Rf2 52. Rd1 Ke7 53.
Rd5 Kd7 54. Ra5 Kc6 55. Ra4 Rxf5 56. g4 hxg4+ 57. Kxg4 g6 0-1

[Event "KONIK MORSKI REWALA 2013<br>Miedzynarodo"]
[Site "<font size="]
[Date "2013.08.21"]
[Round "2.21"]
[White "Tokarski, Lukasz"]
[Black "Kiolbasa, Oliwia"]
[Result "1/2-1/2"]
[WhiteElo "2270"]
[BlackElo "1955"]
[PlyCount "74"]
[EventDate "2013.??.??"]

1. e4 e5 2. Nf3 Nc6 3. Nc3 Nf6 4. g3 Bc5 5. Bg2 d6 6. O-O O-O 7. d3 h6 8. Na4
Bg4 9. h3 Bxf3 10. Bxf3 Qd7 11. Bg2 Rad8 12. Kh2 b5 13. Nxc5 dxc5 14. f4 c4 15.
fxe5 Nxe5 16. Bf4 Rfe8 17. Bxe5 Rxe5 18. Qf3 cxd3 19. cxd3 Qd4 20. b3 Re7 21.
Qf5 c5 22. a4 b4 23. Rae1 Re5 24. Qf4 Qd6 25. Rc1 Qe6 26. Rf3 Nh5 27. Qh4 Rd4
28. g4 Nf6 29. Qg3 Rg5 30. Rf5 Nd7 31. h4 Rxf5 32. gxf5 Qd6 33. Qxd6 Rxd6 34.
Bf1 Kf8 35. Kg3 Ke7 36. Kf4 Rd4 37. Be2 Kf6 1/2-1/2

[Event "KONIK MORSKI REWALA 2013<br>Miedzynarodo"]
[Site "<font size="]
[Date "2013.08.21"]
[Round "2.22"]
[White "Siedlinski, Piotr"]
[Black "Popiol, Michal"]
[Result "0-1"]
[WhiteElo "2092"]
[BlackElo "1871"]
[PlyCount "64"]
[EventDate "2013.??.??"]

1. e4 e6 2. d4 d5 3. Nc3 dxe4 4. Nxe4 Nd7 5. Nf3 Ngf6 6. Bg5 h6 7. Bh4 c5 8.
Nxf6+ Nxf6 9. Be2 cxd4 10. Qxd4 Qxd4 11. Nxd4 a6 12. O-O-O g5 13. Bg3 Ne4 14.
Bf3 Nxg3 15. hxg3 Rb8 16. Rhe1 Be7 17. Re2 Kf8 18. Nb3 Kg7 19. Red2 h5 20. Kb1
g4 21. Be4 f5 22. Bd3 Kf6 23. c4 b6 24. c5 Bb7 25. cxb6 Bxg2 26. Bxa6 Rxb6 27.
Bd3 Bb4 28. Rc2 Bf3 29. Rf1 Rd8 30. Nc1 e5 31. a3 Bxa3 32. Ka2 Bd5+ 0-1

[Event "KONIK MORSKI REWALA 2013<br>Miedzynarodo"]
[Site "<font size="]
[Date "2013.08.21"]
[Round "2.23"]
[White "Spicak, Krzysztof"]
[Black "Adamowicz, Maciej"]
[Result "0-1"]
[WhiteElo "1962"]
[BlackElo "2071"]
[PlyCount "118"]
[EventDate "2013.??.??"]

1. e4 c5 2. Nf3 g6 3. d4 cxd4 4. Nxd4 Bg7 5. c4 Nc6 6. Be3 Nf6 7. Nc3 d6 8. Be2
O-O 9. O-O Nxd4 10. Bxd4 Bd7 11. Rc1 Bc6 12. Qd3 a5 13. b3 Nd7 14. Bxg7 Kxg7
15. Qd4+ f6 16. Nd5 Nc5 17. Rcd1 Rb8 18. Nc3 Qb6 19. Nd5 Qd8 20. Nc3 Qd7 21. h3
b6 22. f4 Qb7 23. Bf3 Rbd8 24. Qe3 e5 25. fxe5 dxe5 26. Nd5 Rd6 27. Bg4 Be8 28.
Nc3 Rxd1 29. Rxd1 h5 30. Bf3 Ne6 31. Ne2 Rf7 32. Rd6 Nc5 33. Nc3 Rd7 34. Qd2
Qc7 35. Rd5 Bf7 36. Nb5 Qc6 37. Rd6 Rxd6 38. Qxd6 Qxd6 39. Nxd6 Be6 40. Ne8+
Kf7 41. Nc7 Ke7 42. Kf1 Kd7 43. Nb5 Kc6 44. Ke2 a4 45. Kd2 axb3 46. axb3 Nxb3+
47. Kc3 Na5 48. Be2 Kc5 49. Nc7 Bxc4 50. Bxc4 Nxc4 51. Na6+ Kb5 52. Nc7+ Kc6
53. Ne8 Ne3 54. Nxf6 Nxg2 55. Nd5 Nf4 56. Nb4+ Kd6 57. h4 Ng2 58. Nd5 Kc5 59.
Nf6 Kc6 0-1

[Event "KONIK MORSKI REWALA 2013<br>Miedzynarodo"]
[Site "<font size="]
[Date "2013.08.21"]
[Round "2.24"]
[White "Khamidov, Komil"]
[Black "Blaszkiewicz, Mateusz"]
[Result "1/2-1/2"]
[WhiteElo "2068"]
[BlackElo "1833"]
[PlyCount "26"]
[EventDate "2013.??.??"]

1. Nf3 c5 2. g3 d5 3. Bg2 Nc6 4. b3 e5 5. O-O Nf6 6. d3 Bd6 7. c4 O-O 8. cxd5
Nxd5 9. Bb2 Be6 10. Nbd2 f6 11. Rc1 Rc8 12. Ne4 b6 13. e3 Be7 1/2-1/2

[Event "KONIK MORSKI REWALA 2013<br>Miedzynarodo"]
[Site "<font size="]
[Date "2013.08.21"]
[Round "2.25"]
[White "Mucha, Magdalena"]
[Black "Marczuk, Dominik"]
[Result "1/2-1/2"]
[WhiteElo "1955"]
[BlackElo "2049"]
[PlyCount "91"]
[EventDate "2013.??.??"]

1. e4 c5 2. Nf3 d6 3. d4 cxd4 4. Qxd4 Bd7 5. c4 Nc6 6. Qd2 g6 7. b3 Bg7 8. Bb2
Nf6 9. Nc3 O-O 10. Be2 Qa5 11. Rb1 Rfc8 12. O-O a6 13. a3 b5 14. b4 Qb6 15. c5
Qb8 16. cxd6 Qxd6 17. Qxd6 exd6 18. Rfd1 Re8 19. Rxd6 Nxe4 20. Nxe4 Rxe4 21.
Bxg7 Kxg7 22. Bxb5 axb5 23. Rxd7 Ne5 24. Nxe5 Rxe5 25. Rd3 Re2 26. g3 Rc8 27.
Rbd1 Rec2 28. Rd5 R8c3 29. R1d3 Rxd3 30. Rxd3 Rc6 31. Kg2 Kf6 32. Rd5 Rc3 33.
Rxb5 Rxa3 34. Rb6+ Kg7 35. g4 Rb3 36. b5 Rb4 37. Kg3 Rb3+ 38. f3 Rb4 39. Rb8 h6
40. h4 Kh7 41. b6 Kg7 42. b7 Kh7 43. Kf2 Kg7 44. Ke3 Rb3+ 45. Kd4 Rb1 46. Ke3
1/2-1/2

[Event "KONIK MORSKI REWALA 2013<br>Miedzynarodo"]
[Site "<font size="]
[Date "2013.08.21"]
[Round "2.26"]
[White "Knap, Jerzy"]
[Black "Harazinska, Ewa"]
[Result "1/2-1/2"]
[WhiteElo "1732"]
[BlackElo "2041"]
[PlyCount "85"]
[EventDate "2013.??.??"]

1. d4 Nf6 2. c4 e6 3. Nc3 Bb4 4. Qc2 O-O 5. Nf3 c5 6. dxc5 Na6 7. a3 Bxc3+ 8.
Qxc3 Nxc5 9. Bg5 Nce4 10. Bxf6 Qxf6 11. Qxf6 Nxf6 12. e3 b6 13. Be2 Ba6 14. O-O
Rac8 15. Rac1 Ne4 16. Rfd1 d5 17. b3 dxc4 18. bxc4 Rfd8 19. Nd4 g6 20. f3 Nc5
21. Nb5 Bxb5 22. cxb5 Kf8 23. Kf1 Ke7 24. Ke1 Na4 25. Rxc8 Rxc8 26. Rd4 Nc3 27.
Bd3 Rc5 28. a4 e5 29. Rh4 h5 30. Kd2 Nd5 31. Rc4 Kd6 32. g3 g5 33. e4 Nc7 34.
Kc3 Ne6 35. Be2 Nd4 36. Bd1 f6 37. Kb4 Rxc4+ 38. Kxc4 Ne6 39. Be2 Nd4 40. Bd1
Ne6 41. Be2 Nd4 42. Bd1 Ne6 43. Be2 1/2-1/2

[Event "KONIK MORSKI REWALA 2013<br>Miedzynarodo"]
[Site "<font size="]
[Date "2013.08.22"]
[Round "3.2"]
[White "Marusenko, Petr"]
[Black "Stachowiak, Kamil"]
[Result "1/2-1/2"]
[WhiteElo "2192"]
[BlackElo "2470"]
[PlyCount "37"]
[EventDate "2013.??.??"]

1. d4 Nf6 2. c4 e6 3. Nc3 Bb4 4. e3 O-O 5. Bd3 d5 6. Nf3 c5 7. O-O cxd4 8. exd4
dxc4 9. Bxc4 b6 10. Bg5 Bb7 11. Qe2 Nbd7 12. Rac1 Bxc3 13. Rxc3 Bxf3 14. Rxf3
Qc7 15. Bf4 Qc6 16. Bb5 Qd5 17. Bc4 Qc6 18. Bb5 Qd5 19. Bc4 1/2-1/2